[Event "URS-chT Republics 12th final A"]
[Site "Moscow"]
[Date "1972.03.11"]
[Round "4"]
[White "Savon, Vladimir A"]
[Black "Kortschnoj, Viktor Lvovich"]
[Result "1-0"]
[WhiteElo "2595"]
[BlackElo "2640"]
[PlyCount "137"]
[EventDate "1972.03.??"]
[EventType "team-tourn"]
[EventRounds "4"]
[EventCountry "URS"]
[SourceTitle "EXT 2020"]
[Source "ChessBase"]
[SourceDate "2019.10.17"]
[SourceVersion "1"]
[SourceVersionDate "2019.10.17"]
[SourceQuality "1"]
[WhiteTeam "Ukraine"]
[BlackTeam "Leningrad"]
[WhiteTeamCountry "UKR"]
[BlackTeamCountry "RUS"]

1. Nf3 d5 2. c4 d4 3. g3 g6 4. b4 Bg7 5. d3 b6 ({RR} 5... Nf6 6. Bg2 O-O 7. O-O c5 8. Nbd2 cxb4 9. Nb3 Nc6 10. a3 bxa3 11. Bxa3 Re8 12. Qc2 Bg4 13. h3 Bxf3 14. Bxf3 Qc7 15. Rfb1 Nd7 16. Nd2 Rac8 17. Qa4 b6 18. Nb3 e5 19. c5 Bh6 20. Ra2 {Khismatullin,D (2654)-Li,C (2750) Doha 2015 ½-½ (75)}) ({RR} 5... e5 6. Nbd2 Bf5 7. Bg2 c6 8. Bb2 f6 9. c5 Be6 10. Ne4 Bf8 11. e3 dxe3 12. fxe3 Bd5 13. Ned2 Nd7 14. e4 Be6 15. d4 Bg7 16. Qc2 Nh6 17. O-O O-O 18. Nc4 Bxc4 19. Qxc4+ Kh8 20. d5 {Gilbert,A (1797)-Skou,N Reykjavik ISL 2025 1-0 (40)}) 6. Bg2 Bb7 7. O-O Nf6 $146 ({RR} 7... e5 8. a4 Ne7 9. a5 O-O 10. b5 a6 11. axb6 cxb6 12. bxa6 Nxa6 13. Ba3 Nc5 14. Nbd2 Qc7 15. Qc2 h6 16. Rfb1 Ra6 17. Bxc5 Rxa1 18. Rxa1 bxc5 19. Nb3 Nc6 20. Qb1 Nb4 21. Ra5 Rb8 22. Rxc5 {Grandelius,N (2651)-Korobov,A (2688) Chess.com INT 2020 1-0 (43)}) ({RR} 7... e5 8. Nbd2 Ne7 9. Nb3 O-O 10. a4 Nd7 11. a5 Rb8 12. axb6 axb6 13. Ra7 Ba8 14. Bg5 f6 15. Bd2 h6 16. Qc2 f5 17. Rfa1 c6 18. b5 Qc8 19. Qc1 Kh7 20. Qa3 Re8 21. Qd6 Bb7 22. Nh4 {Kortschnoj,V (2630)-Timman,J (2650) Linares 1985 1-0}) ({RR} 7... e5 8. a4 Ne7 9. a5 O-O 10. b5 a6 11. axb6 cxb6 12. bxa6 Nxa6 13. Ba3 Nc5 14. Nbd2 Qc7 15. Qc2 h6 16. Rfb1 Ra6 17. Bxc5 Rxa1 18. Rxa1 bxc5 19. Nb3 Nc6 20. Qb1 Nb4 21. Ra5 Rb8 22. Rxc5 {Grandelius,N (2651)-Korobov,A (2688) Chess.com INT 2020 1-0 (43)}) 8. Bb2 c5 9. bxc5 bxc5 10. Nbd2 Qc7 11. Rb1 O-O 12. Bc1 Bc6 13. Nb3 Nbd7 14. Bf4 Qd8 15. Qc1 Ne8 16. Qa3 e5 17. Bd2 Rc8 18. Na5 Ba8 19. Nb7 Qe7 20. Qxa7 Ndf6 21. Qa6 e4 22. Ng5 exd3 23. exd3 Qe2 24. Bf4 h6 25. Ne4 Nxe4 26. Bxe4 g5 27. Be5 Nc7 28. Bxc7 Rxc7 29. Qb6 Rfc8 30. Rb2 Qg4 31. a4 Qd7 32. a5 Bf8 33. a6 Re8 34. Bd5 Rcc8 35. Rb5 Qf5 36. Be4 Rxe4 37. dxe4 Qxe4 38. Rbb1 Rc6 39. Qb5 Qg6 40. Ra1 Kg7 41. Rfe1 Rb6 42. Qd7 Rxa6 43. Rxa6 Qxa6 44. Nd8 Qxc4 45. Ne6+ Kg8 46. Nxf8 Qc3 47. Qe8 Qf3 48. Nd7+ Kg7 49. Qe5+ Kg6 50. Nf8+ Kh5 51. g4+ Qxg4+ 52. Qg3 Qf5 53. f3 Qxf3 54. Qxf3+ Bxf3 55. Kf2 Bg4 56. Re7 d3 57. Ke3 f5 58. Kxd3 f4 59. Nd7 Kh4 60. Ne5 c4+ 61. Ke4 Bd1 62. Rd7 Bc2+ 63. Kf3 c3 64. Rc7 Bd1+ 65. Kg2 c2 66. Nf3+ Kh5 67. Rc5 Kg4 68. h3+ Kh5 69. Rc6 1-0

[Event "URS-chT Republics 13th Group3"]
[Site "Riga"]
[Date "1975.07.??"]
[Round "3"]
[White "Dzindzichashvili, Roman"]
[Black "Savon, Vladimir A"]
[Result "1-0"]
[WhiteElo "2525"]
[BlackElo "2575"]
[PlyCount "131"]
[EventDate "1975.07.15"]
[EventType "team-tourn"]
[EventRounds "5"]
[EventCountry "URS"]
[SourceTitle "EXT 2020"]
[Source "ChessBase"]
[SourceDate "2019.10.17"]
[SourceVersion "1"]
[SourceVersionDate "2019.10.17"]
[SourceQuality "1"]
[WhiteTeam "Georgia"]
[BlackTeam "Ukraine"]
[WhiteTeamCountry "GEO"]
[BlackTeamCountry "UKR"]

1. Nf3 c5 2. g3 g6 3. Bg2 Bg7 4. O-O Nc6 5. d3 e6 6. e4 Nge7 7. c3 d5 8. exd5 exd5 9. Nbd2 O-O 10. Nb3 b6 11. Bf4 h6 ({RR} 11... Re8 12. Re1 Bb7 13. d4 c4 14. Nbd2 Qd7 15. Nf1 f6 16. h4 Nd8 17. Kh2 Nf7 18. Qd2 Rad8 19. Bh3 f5 20. Ne5 Nxe5 21. Bxe5 Bxe5 22. Rxe5 Nc6 23. Rxe8+ Rxe8 24. Re1 Rxe1 25. Qxe1 Qe7 26. Qd2 {Shabanov,Y (2495)-Epishin,V (2590) Maikop 1998 1-0 (46)}) 12. h4 Bf5 13. Re1 $146 ({RR} 13. d4 c4 14. Nbd2 f6 15. a4 g5 16. Be3 a6 17. b3 b5 18. b4 Qb6 19. a5 Qc7 20. Nh2 Rae8 21. Re1 Qd6 22. Ndf1 Bd3 23. Qd2 Ng6 24. h5 Nge7 25. f4 Kh8 26. g4 f5 27. fxg5 f4 {Dzierzak,R (2237)-Nasuta,G (2463) Bialystok 2017 1-0 (50)}) 13... Kh7 14. Ne5 Nxe5 15. Bxe5 f6 16. Bf4 Qd7 17. g4 g5 18. gxf5 gxf4 19. Qh5 Qe8 20. Qe2 Nxf5 21. Qg4 Ne7 22. Qxf4 f5 23. d4 c4 24. Nd2 Rd8 25. Nf3 Qf7 26. Kf1 Ng6 27. Qh2 Rfe8 28. h5 Nf8 29. Ne5 Qf6 30. f4 Re7 31. Bf3 b5 32. a3 a5 33. Re2 Rb7 34. Rae1 b4 35. Qh1 bxc3 36. bxc3 Qd6 37. Nxc4 Qxf4 38. Rf2 Qg3 39. Ne3 Re8 40. Qg2 f4 41. Qxg3 fxg3 42. Rfe2 Rb3 43. Nxd5 Rxe2 44. Rxe2 Rxa3 45. Kg2 Ra1 46. Re7 Kg8 47. Ra7 Ne6 48. Ne7+ Kf7 49. Ng6+ Kf6 50. Ra6 Kf5 51. Kxg3 Nf8 52. Ra7 Nxg6 53. Rxg7 Nf4 54. Bg4+ Kf6 55. Rc7 Nd5 56. Rc5 Ne7 57. Kf4 a4 58. Ra5 Rc1 59. Ra6+ Kg7 60. Be6 Rxc3 61. d5 Kf6 62. Bf5+ Kf7 63. Be4 Ng8 64. Ke5 Rc8 65. Bg6+ Kf8 66. d6 1-0

[Event "Interzonal-10b"]
[Site "Manila"]
[Date "1976.06.19"]
[Round "6"]
[White "Hort, Vlastimil"]
[Black "Pachman, Ludek"]
[Result "1-0"]
[WhiteElo "2600"]
[BlackElo "2520"]
[PlyCount "82"]
[EventDate "1976.06.13"]
[EventType "tourn"]
[EventRounds "19"]
[EventCountry "PHI"]
[EventCategory "12"]
[SourceTitle "IZT"]
[Source "ChessBase"]
[SourceDate "1999.07.01"]
[SourceVersion "1"]
[SourceVersionDate "1999.07.01"]
[SourceQuality "1"]

1. g3 {Horn,Peter} d5 2. Bg2 c6 3. Nf3 Bg4 4. d3 Nd7 5. Nbd2 Ngf6 6. e4 ({RR} 6. c4 dxc4 7. Nxc4 Bxf3 8. Bxf3 e5 9. O-O Be7 10. b4 O-O 11. Qb3 a6 12. Bb2 Qc7 13. Rac1 Rfe8 14. Bg2 Bf8 15. a3 e4 16. dxe4 Nxe4 17. Rfd1 Ndf6 18. Bd4 h5 19. Bb6 Qc8 20. f3 Ng5 {Nakamura,H (2790)-Grigorov,G (2497) Chess.com INT 2016 1-0 (52)}) ({RR} 6. h3 Bf5 7. O-O e5 8. Re1 Bd6 9. e4 Bg6 10. Nh4 O-O 11. Nf5 Bc7 12. g4 h6 13. Nf3 dxe4 14. dxe4 Nc5 15. Qxd8 Raxd8 16. N3h4 Rd7 17. f3 Rfd8 18. Be3 Ne6 19. Bf1 a6 20. Bc4 Kh7 {Belenkaya,D (2330)-Quinonez Garcia,S (2248) chess.com INT 2023 1-0 (39)}) ({RR} 6. O-O) 6... e5 ({RR} 6... dxe4 7. dxe4 Ne5 ({RR} 7... e5) 8. Qe2 Qa5 ({RR} 8... Nxf3+ 9. Nxf3) 9. O-O Rd8 10. Qe3 Nxf3+ 11. Nxf3 e5 12. h3 ({RR} 12. Bd2 Qb6 13. Qxb6 axb6 14. Be3 ({RR} 14. Bc3 Nxe4 15. Bxe5 Bxf3 16. Bxf3 Nd2) 14... Bxf3 15. Bxf3 Bc5) 12... Bxf3 13. Bxf3 Bc5 14. Qb3 Qb6 15. Bg5 h6 16. Qxb6 Bxb6 17. Bxf6 gxf6 18. Rad1 Ke7 19. Be2 Rxd1 20. Rxd1 Rd8 21. Kf1 {Hort,V (2545)-Campora,D (2510) Biel 1991 CBM 025 [Horn,Peter] ½-½}) 7. h3 Bxf3 8. Qxf3 $146 ({RR} 8. Bxf3 Bc5 9. c3 Bb6 10. Qc2 O-O 11. O-O dxe4 12. dxe4 a5 13. Nc4 Bc5 14. a4 Qe7 15. Kg2 b6 16. Be2 Rfe8 17. Re1 Nf8 18. Ne3 g6 19. h4 Qe6 20. f3 Kg7 21. Rh1 Qc8 22. Nc4 Qc7 {Krabbe,C (1966)-Helmert,J (1875) Germany 2017 0-1 (41)}) 8... dxe4 9. Nxe4 Nxe4 10. Qxe4 Be7 11. O-O O-O 12. b4 Bd6 13. Rb1 a6 14. c4 f5 15. Qe2 Nf6 16. Bb2 Re8 17. Bc3 Qd7 18. Rfe1 Re6 19. Qf3 Re7 20. Qd1 h6 21. Rb2 Rae8 22. Rbe2 Bb8 23. a4 e4 24. a5 exd3 25. Rxe7 Rxe7 26. Rxe7 Qxe7 27. Qxd3 Ne4 28. Bxe4 fxe4 29. Qd4 Bd6 30. c5 Bc7 31. Kf1 h5 32. Ke2 Kf8 33. Ke3 Kg8 34. Qxe4 Qxe4+ 35. Kxe4 Kf7 36. f4 g6 37. g4 hxg4 38. hxg4 Ke6 39. g5 Bd8 40. Be5 Kf7 41. Bd6 Ke6 1-0

[Event "Interzonal-10b"]
[Site "Manila"]
[Date "1976.07.06"]
[Round "16"]
[White "Ljubojevic, Ljubomir"]
[Black "Hort, Vlastimil"]
[Result "1-0"]
[WhiteElo "2620"]
[BlackElo "2600"]
[PlyCount "93"]
[EventDate "1976.06.13"]
[EventType "tourn"]
[EventRounds "19"]
[EventCountry "PHI"]
[EventCategory "12"]
[SourceTitle "IZT"]
[Source "ChessBase"]
[SourceDate "1999.07.01"]
[SourceVersion "1"]
[SourceVersionDate "1999.07.01"]
[SourceQuality "1"]

1. e4 e6 2. d3 c5 3. Nf3 Nc6 4. g3 g6 5. Bg2 Bg7 6. O-O Nge7 7. Re1 d6 8. c3 e5 9. a3 O-O 10. b4 b6 ({RR} 10... Be6 11. b5 Nb8 12. c4 h6 13. Nc3 Nd7 14. Nd5 a6 15. Rb1 axb5 16. Rxb5 b6 17. Qb3 Ra6 18. Bd2 Nc6 19. Rb1 Na7 20. Bc3 Nxb5 21. cxb5 Bxd5 22. exd5 c4 23. Qxc4 Rxa3 24. Bb4 Ra4 25. Qb3 {Carlsen,M (2832)-Grischuk,A (2750) Chess.com INT 2017 ½-½ (39)}) ({RR} 10... cxb4 11. axb4 b5 12. Na3 Rb8 13. d4 exd4 14. Nxd4 a6 15. Nac2 a5 16. Bg5 f6 17. Be3 axb4 18. Nxc6 Nxc6 19. Qd5+ {1-0 (19) Makarian,R (2525)-Gleizerov,E (2378) Yekaterinburg RUS 2024}) 11. Nbd2 ({RR} 11. Ra2 Be6 12. Rd2 Qc8 13. d4 cxd4 14. cxd4 Bg4 15. dxe5 dxe5 16. Bb2 Rd8 17. b5 Nd4 18. Bxd4 exd4 19. e5 Qc7 20. Rxd4 Nf5 21. Rd2 Rac8 22. e6 fxe6 23. Qb3 Kh8 24. Qxe6 Bxf3 25. Bxf3 Nd4 {Ljubojevic,L (2605)-Langeweg,K (2445) Amsterdam 1978 1-0 (71)}) 11... a6 12. Rb1 $146 ({RR} 12. Nb3 Bb7 13. Bb2 Rc8 14. Qe2 Re8 15. Bh3 Rc7 16. Rf1 cxb4 17. axb4 d5 18. Rad1 d4 19. cxd4 exd4 20. Qd2 Qd6 21. Rc1 Bc8 22. Bg2 Be6 23. e5 Nxe5 24. Rxc7 Qxc7 25. Nbxd4 Bd5 26. Re1 N7c6 {Mijatovic,D (2177)-Maksimovic,B (2216) Bajina Basta 2020 ½-½}) ({RR} 12. Nb3 Bb7 13. Bb2 Rc8 14. Qe2 Re8 15. Bh3 Rc7 16. Rf1 cxb4 17. axb4 d5 18. Rad1 d4 19. cxd4 exd4 20. Qd2 Qd6 21. Rc1 Bc8 22. Bg2 Be6 23. e5 Nxe5 24. Rxc7 Qxc7 25. Nbxd4 Bd5 26. Re1 N7c6 {Mijatovic,D (2177)-Maksimovic,B (2216) Bajina Basta 2020 ½-½}) 12... Qc7 13. Nc4 b5 14. Ne3 Rb8 15. bxc5 dxc5 16. Nd5 Qd6 17. d4 Bg4 18. dxc5 Qxc5 19. Be3 Qd6 20. Nb4 Qxd1 21. Rexd1 Rfc8 22. Nxa6 Ra8 23. Nc5 Rxa3 24. Rd3 Nd8 25. h3 Be6 26. Rxd8+ Rxd8 27. Nxe6 fxe6 28. Bc5 Rxc3 29. Bxe7 Rd7 30. Bb4 Rcd3 31. Be1 Rb7 32. Ng5 Rd6 33. Bf1 h6 34. Nf3 Rdb6 35. Ba5 Rc6 36. Bd2 Rc2 37. Rxb5 Rf7 38. Bd3 Rc8 39. Ne1 Rd7 40. Kf1 Kh7 41. Ke2 Rc6 42. h4 Ra7 43. Ba5 Rc1 44. Nf3 Ra1 45. Bc3 R1a2+ 46. Ke3 Rd7 47. Rb3 1-0

[Event "Banja Luka"]
[Site "Banja Luka"]
[Date "1976.??.??"]
[Round "13"]
[White "Vukic, Milan"]
[Black "Chekhov, Valery A"]
[Result "1-0"]
[WhiteElo "2510"]
[BlackElo "2530"]
[PlyCount "83"]
[EventDate "1976.12.??"]
[EventType "tourn"]
[EventRounds "15"]
[EventCountry "YUG"]
[EventCategory "10"]
[SourceTitle "MCL"]
[Source "ChessBase"]
[SourceDate "1999.07.01"]
[SourceVersion "1"]
[SourceVersionDate "1999.07.01"]
[SourceQuality "1"]

1. Nf3 d5 2. g3 c6 3. Bg2 Nf6 4. b3 Bf5 5. Bb2 e6 6. O-O h6 7. d3 Be7 8. Nbd2 O-O 9. Qe1 Bh7 10. e4 a5 11. a4 c5 ({RR} 11... Na6 12. e5 Nd7 13. Qe2 Nb4 14. Ne1 Qb8 15. f4 b5 16. Ndf3 bxa4 17. bxa4 c5 18. g4 c4 19. Bd4 cxd3 20. cxd3 Nc5 21. Bxc5 Bxc5+ 22. Kh1 Qb6 23. g5 Be3 24. gxh6 Bxf4 25. hxg7 Rfc8 26. Ng5 {Piorun,K (2594)-Mastrovasilis,D (2589) Lublin POL 2023 ½-½ (37)}) ({RR} 11... Na6 12. Qe2 Nb4 13. Rac1 Na2 14. Ra1 Nb4 15. Rfc1 Re8 16. h4 Nd7 17. Ne1 Bf6 18. e5 Be7 19. f4 f6 20. d4 fxe5 21. dxe5 Nc5 22. Bd4 Qd7 23. Qe3 Nba6 24. h5 Rf8 25. Nef3 Ne4 26. Nh4 {Arauz Alonso,F (2197)-Curtis,J (2292) chess.com INT 2024 1-0 (67)}) ({RR} 11... Na6 12. Qe2 Nb4 13. Ne1 Nd7 14. f4 Bf6 15. e5 Be7 16. g4 Re8 17. Kh1 b5 18. c3 Na6 {½-½ (18) Vukic,M (2430)-Matulovic,M (2445) Novi Sad 1995}) 12. Ne5 Nfd7 $146 ({RR} 12... Ra6 13. f4 Nc6 14. Kh1 Nd4 15. Rc1 Qc7 16. Nef3 Nc6 17. e5 Nd7 18. g4 Kh8 19. g5 hxg5 20. fxg5 d4 21. Nc4 Kg8 22. Qg3 Bf5 23. Rce1 Nb4 24. Rf2 Nb6 25. Na3 N6d5 26. Bc1 Nc3 27. Nh4 {Movsziszian,K (2505)-Hernandez Montalvo,I Pontevedra 2002 1-0 (61)}) ({RR} 12... Na6 13. Qe2 Qc7 14. Rae1 Rfe8 15. Nb1 Bd6 16. f4 c4 17. dxc4 Bxe4 18. Bxe4 Nxe4 19. Rd1 Nb4 20. Na3 Qb6+ 21. Kg2 Rad8 22. Nb5 f6 23. Nf3 Bc5 24. Nfd4 Bxd4 25. Nxd4 Qc5 26. Qg4 Qe7 27. f5 {Zolnierowicz,K (2043)-Nowak,K (2133) Polanica Zdroj 2015 0-1 (33)}) 13. Nxd7 Qxd7 14. exd5 exd5 15. Bxd5 Qxd5 16. Qxe7 Nc6 17. Qh4 Rfe8 18. Bc3 Nd4 19. Bxd4 cxd4 20. Rfe1 Bf5 21. Nc4 Rad8 22. h3 Kh7 23. g4 Bg6 24. Qg3 f6 25. Qg2 Qg5 26. Qxb7 f5 27. Qg2 fxg4 28. hxg4 Rxe1+ 29. Rxe1 Rf8 30. Qg3 Be8 31. Rf1 Rf4 32. f3 Bd7 33. Nd2 Bxg4 34. Rf2 h5 35. Rg2 h4 36. Rh2 Kg8 37. Rxh4 Rf7 38. Nf1 Rxf3 39. Qxg4 Qf6 40. Qc8+ Kf7 41. Qd7+ Kg6 42. Qe8+ 1-0

[Event "IBM-17 Grootmeestergroep A"]
[Site "Amsterdam"]
[Date "1977.06.??"]
[Round "12"]
[White "Hulak, Krunoslav"]
[Black "Quinteros, Miguel Angel"]
[Result "1-0"]
[WhiteElo "2525"]
[BlackElo "2555"]
[PlyCount "135"]
[EventDate "1977.06.28"]
[EventType "tourn"]
[EventRounds "15"]
[EventCountry "NED"]
[EventCategory "11"]
[SourceTitle "MCL"]
[Source "ChessBase"]
[SourceDate "1999.07.01"]
[SourceVersion "1"]
[SourceVersionDate "1999.07.01"]
[SourceQuality "1"]

1. g3 ({RR} 1. Nf3 Nc6 2. g3 d5 3. Bg2 e5 4. d3 {½-½ (10) Soppe,G (2466)-Arencibia Rodriguez,W (2529) Santa Clara 2000}) 1... e5 2. Bg2 d5 3. d3 Nf6 4. Nf3 Nc6 5. O-O Be7 6. Nc3 O-O 7. Bg5 Be6 8. Nd2 ({RR} 8. e4 dxe4 9. dxe4 Qxd1 10. Rfxd1 Rad8 11. Bxf6 Bxf6 12. Nd5 Bxd5 13. exd5 Nd4 14. Ne1 g6 15. Kf1 Bg7 16. Nd3 Rfe8 17. Nc5 Nxc2 18. Rac1 Nd4 19. Nxb7 Rd7 20. Nc5 Rd6 21. Ne4 Rd7 22. Rc4 f5 {Grischuk,A (2742)-Tabatabaei,M (2632) Chess.com INT 2022 1-0 (73)}) ({RR} 8. e4 dxe4 9. dxe4 h6 10. Bxf6 Bxf6 11. Nd5 Be7 12. c3 a5 13. Qa4 Bd6 14. Rfd1 Qb8 15. Qc2 Qa7 16. a4 Rad8 17. Nh4 Ne7 18. Nxe7+ Bxe7 19. Nf5 Bc5 20. Bf1 Qb6 21. Rxd8 Rxd8 22. Kg2 g6 {Stojanovski,S (2169)-Bortnyk,O (2601) chess.com INT 2025 0-1 (32)}) ({RR} 8. e4 dxe4 9. dxe4 Qxd1 10. Raxd1 Rfd8 11. h3 Rxd1 12. Rxd1 Rd8 13. Rxd8+ {½-½ (13) Hulak,K (2450)-Kirov,N (2435) Nis 1985}) 8... Nd7 9. Bxe7 Nxe7 10. e4 d4 $146 ({RR} 10... c6 11. Kh1 Qc7 12. a3 a5 13. f4 exf4 14. gxf4 f5 15. e5 d4 16. Ne2 c5 17. c4 dxc3 18. Nxc3 Nb6 19. Qe2 Bd7 20. Nc4 Nbc8 21. Rf3 Ra6 22. a4 Rg6 23. Rg3 Bc6 24. Rg1 Rd8 25. Ne3 {Petran,P (2330)-Pcola,J (2158) Slovakia 2011 1-0 (39)}) 11. Ne2 f6 12. f4 c5 13. f5 Bf7 14. g4 g5 15. fxg6 Nxg6 16. Qe1 Be6 17. Qg3 Rf7 18. Kh1 Rg7 19. Bh3 h6 20. Rf2 Kh7 21. g5 Ngf8 22. Bxe6 Nxe6 23. Qg4 Nxg5 24. Rg1 Qe7 25. Qf5+ Kh8 26. Nf1 Rag8 27. Nfg3 Qe6 28. Rfg2 Qf7 29. b3 Nf8 30. Rf1 Nfh7 31. a4 b6 32. Qg4 Ne6 33. Qh3 Rg6 34. Qh5 Qe8 35. Rgf2 Ng7 36. Qh3 Qc8 37. Nf5 Nxf5 38. Rxf5 Qd7 39. Ng3 Qg7 40. Rh5 Ng5 41. Qf5 Nf7 42. Qd7 Rg4 43. Qf5 Rg6 44. Qd7 Rg4 45. Qe6 Rg6 46. Qe7 Nd8 47. Qxg7+ R8xg7 48. Rhf5 Nc6 49. Nh5 Rf7 50. Nxf6 Nb4 51. Nd5 Rxf5 52. exf5 Rd6 53. f6 Kg8 54. f7+ Kf8 55. Nf6 Rxf6 56. Rxf6 Nxc2 57. Kg2 Ne1+ 58. Kf2 Nxd3+ 59. Kf3 c4 60. bxc4 Nc5 61. Kg4 e4 62. Kf4 e3 63. Kf3 Nd3 64. Re6 Nc1 65. Rxh6 Nb3 66. Rf6 Na5 67. Rf4 Nc6 68. Ke2 1-0

[Event "Reykjavik International-08"]
[Site "Reykjavik"]
[Date "1978.02.??"]
[Round "?"]
[White "Larsen, Bent"]
[Black "Hort, Vlastimil"]
[Result "1-0"]
[WhiteElo "2620"]
[BlackElo "2620"]
[PlyCount "110"]
[EventDate "1978.02.04"]
[EventType "tourn"]
[EventRounds "13"]
[EventCountry "ISL"]
[EventCategory "11"]
[SourceTitle "EXT 1998"]
[Source "ChessBase"]
[SourceDate "1997.11.17"]
[SourceVersion "1"]
[SourceVersionDate "1997.11.17"]
[SourceQuality "1"]

1. g3 d5 2. Bg2 Nf6 3. Nf3 c6 4. d3 Bf5 5. b3 e6 6. O-O h6 7. Bb2 Be7 8. Nbd2 O-O 9. Re1 a5 10. e4 Bh7 11. a3 Na6 12. Qe2 Re8 ({RR} 12... Nc5 13. e5 Nfd7 14. Nf1 b5 15. h4 Na6 16. Ne3 Rb8 17. Ng4 c5 18. Bc1 c4 19. bxc4 bxc4 20. dxc4 Nc7 21. Rd1 Nb6 22. Nd4 Qd7 23. c5 Bxc5 24. Bxh6 f5 25. exf6 gxh6 26. Qe5 Rf7 27. Nxh6+ {Andreikin,D (3112)-Ratkovic,M (2756) Chess.com 2024 1-0 (56)}) ({RR} 12... Nc5 13. Ne5 Nfd7 14. Nxd7 Qxd7 15. Qg4 Bg6 16. h4 h5 17. Qe2 dxe4 18. dxe4 Rfd8 19. Nc4 Qe8 20. Ne5 Bf6 21. Bf3 Bxe5 22. Bxe5 f6 23. Bc7 Rdc8 24. Bd6 Nd7 25. e5 f5 26. c4 Nb6 27. Qe3 {Erigaisi,A (2761)-Bolourchifard,F (2292) chess.com INT 2024 1-0 (41)}) 13. h4 Qb6 $146 ({RR} 13... Nc7 14. Ne5 a4 15. b4 d4 16. f4 c5 17. bxc5 Bxc5 18. g4 Nd7 19. Nxd7 Qxd7 20. g5 e5 21. f5 Kh8 22. Kh2 Ra6 23. Rg1 Qe7 24. Bh3 b5 25. Raf1 f6 26. gxh6 gxh6 27. Qh5 Bxa3 28. Ba1 {Larino Nieto,D (2432)-Li,D (2488) Seville 2019 0-1 (63)}) 14. Rab1 Rad8 15. Nh2 Nc7 16. Ng4 Nxg4 17. Qxg4 Bf8 18. Nf3 d4 19. Qf4 Nb5 20. Ra1 Bc5 21. Ne5 Qc7 22. Nc4 e5 23. Qd2 Nc3 24. f4 exf4 25. Qxf4 Qxf4 26. gxf4 a4 27. b4 Be7 28. h5 Rc8 29. Nb6 Rcd8 30. Bxc3 dxc3 31. Nxa4 Bd6 32. Rf1 Bb8 33. Kh2 Ba7 34. Nc5 b6 35. Nb3 f6 36. a4 Kh8 37. Kg3 Bg8 38. Rfb1 Bf7 39. Bf3 Rg8 40. Nc1 g5 41. hxg6 Rxg6+ 42. Kh2 Rdg8 43. Ne2 Bb8 44. a5 Rg5 45. Rg1 bxa5 46. bxa5 Be6 47. Rgb1 Bc7 48. a6 Bg4 49. Kg3 Bxf3+ 50. Kxf3 Rh5 51. Rh1 Rxh1 52. Rxh1 Ra8 53. Ra1 Bb6 54. Ra4 h5 55. Nxc3 h4 1-0

[Event "Zonal Lvov"]
[Site "Lvov"]
[Date "1978.??.??"]
[Round "6"]
[White "Romanishin, Oleg M"]
[Black "Vaganian, Rafael A"]
[Result "1-0"]
[WhiteElo "2610"]
[BlackElo "2570"]
[PlyCount "101"]
[EventDate "1978.04.??"]
[EventType "tourn"]
[EventRounds "15"]
[EventCountry "URS"]
[EventCategory "13"]
[SourceTitle "MCL"]
[Source "ChessBase"]
[SourceDate "1999.07.01"]
[SourceVersion "1"]
[SourceVersionDate "1999.07.01"]
[SourceQuality "1"]

1. Nf3 d5 2. g3 c5 3. Bg2 g6 4. d4 cxd4 5. Nxd4 Bg7 6. Nb3 e6 7. O-O Nc6 $146 ({RR} 7... Ne7 8. c4 O-O 9. cxd5 exd5 10. Nc3 d4 11. Nb5 Nbc6 12. Bf4 Be6 13. Bc7 Qc8 14. Bd6 Rd8 15. Rc1 Nf5 16. Bf4 d3 17. exd3 Bxb2 18. Rc2 Bxb3 19. axb3 Bg7 20. Qc1 Qd7 21. Rxc6 bxc6 22. Bxc6 {Kaldarova,A (2248)-Zhurova,A (2307) Petrovac MNE 2025 0-1 (37)}) 8. e4 Nge7 9. exd5 exd5 10. c3 O-O 11. Re1 b6 12. Na3 Ba6 13. Nc2 Qd7 14. Nbd4 Rfe8 15. Bg5 Ne5 16. Nb4 Bb7 17. a4 Nf5 18. a5 bxa5 19. Nbc2 Nc4 20. Rxe8+ Rxe8 21. Bh3 Nxb2 22. Qb1 Nc4 23. Nxf5 gxf5 24. Nd4 Nd6 25. Bf4 Be5 26. Bxe5 Rxe5 27. Rxa5 Qc7 28. Ra3 a5 29. Qc1 Qe7 30. Ra1 f4 31. gxf4 Rh5 32. Bg2 Ne4 33. Qe3 Qh4 34. Nf3 Qf6 35. Qa7 Qxc3 36. Qxa5 Rf5 37. Qxc3 Nxc3 38. Ra7 Bc6 39. Nd4 Rf6 40. Rc7 Kg7 41. Nxc6 Ne2+ 42. Kf1 Nxf4 43. Nd4 Ra6 44. Ne2 Ne6 45. Rc1 d4 46. Rd1 d3 47. Nc1 Ra1 48. Ke1 Nc5 49. Bf1 Ra6 50. Nxd3 Re6+ 51. Be2 1-0

[Event "IBM-18 Grootmeestergroep A"]
[Site "Amsterdam"]
[Date "1978.07.??"]
[Round "13"]
[White "Andersson, Ulf"]
[Black "Adorjan, Andras"]
[Result "1-0"]
[WhiteElo "2545"]
[BlackElo "2515"]
[PlyCount "125"]
[EventDate "1978.07.13"]
[EventType "tourn"]
[EventRounds "13"]
[EventCountry "NED"]
[EventCategory "12"]
[SourceTitle "MCL"]
[Source "ChessBase"]
[SourceDate "1999.07.01"]
[SourceVersion "1"]
[SourceVersionDate "1999.07.01"]
[SourceQuality "1"]

1. Nf3 c5 2. b3 d5 3. e3 Nf6 4. Bb2 g6 5. c4 Bg7 6. cxd5 Qxd5 7. Nc3 Qd8 8. Ne4 ({RR} 8. Na4 b6 9. d4 cxd4 10. Nxd4 O-O 11. Qf3 Qd5 12. Rc1 Bb7 13. Qxd5 Nxd5 14. Be2 Nd7 15. e4 Nf4 16. Rc7 Nc5 17. Nxc5 bxc5 18. Rxb7 cxd4 19. Bc4 Nxg2+ 20. Kd2 e6 21. Rg1 Nf4 22. Ba3 Rfc8 {Nakamura,H (2802)-Robson,R (2689) Saint Louis USA 2025 1-0 (52)}) 8... Nbd7 ({RR} 8... Qb6 9. Nxc5 O-O 10. Na4 Qa5 11. Be2 Bd7 12. O-O Nc6 13. Rc1 Rac8 14. a3 Qh5 15. Nc5 Bg4 16. h3 Bxh3 17. gxh3 Qxh3 18. Nd3 e5 19. Ndxe5 Nxe5 20. Bxe5 Ng4 21. Bg3 Rcd8 22. Ng5 Qh5 23. Bxg4 {Raczek,K (2443)-Stanojevic,I (2224) chess.com INT 2025 1-0 (63)}) 9. Rc1 $146 ({RR} 9. h4 O-O 10. Ng3 Qc7 11. Qc2 b6 12. h5 Bb7 13. hxg6 hxg6 14. Ng5 Rad8 15. f4 Bd5 16. Rh3 e6 17. Bd3 Rfe8 18. O-O-O c4 19. bxc4 Bxg2 20. Rh2 Nc5 21. Bxg6 fxg6 22. Qxg6 Nd3+ 23. Kb1 Nxb2 {Shamatava,N (2018)-Safarov,D (1981) Tbilisi GEO 2023 0-1 (59)}) ({RR} 9. h4 O-O 10. Ng3 Qc7 11. Qc2 b6 12. h5 Bb7 13. hxg6 hxg6 14. Ng5 Rad8 15. f4 Bd5 16. Rh3 e6 17. Bd3 Rfe8 18. O-O-O c4 19. bxc4 Bxg2 20. Rh2 Nc5 21. Bxg6 fxg6 22. Qxg6 Nd3+ 23. Kb1 Nxb2 {Shamatava,N (2018)-Safarov,D (1981) Tbilisi GEO 2023 0-1 (59)}) 9... b6 10. Nxf6+ Nxf6 11. d4 cxd4 12. Nxd4 O-O 13. Be2 Bb7 14. Bf3 Ne4 15. O-O Rc8 16. Qe2 Qd7 17. Rcd1 Qe8 18. a4 Nc3 19. Bxc3 Bxf3 20. Qxf3 Rxc3 21. Qb7 Bxd4 22. Rxd4 Rxb3 23. Qxa7 e5 24. Rd7 Qe6 25. h3 Rb4 26. Rfd1 Qf5 27. Rd8 Rb2 28. R8d2 Rxd2 29. Rxd2 Qe4 30. Kh2 Ra8 31. Qxb6 Qxa4 32. Qf6 e4 33. Rd4 Qe8 34. g4 Rc8 35. Kg2 Rc6 36. Rd8 Rxf6 37. Rxe8+ Kg7 38. Rxe4 Ra6 39. h4 Ra5 40. Kg3 h6 41. f4 Ra1 42. Re5 Rg1+ 43. Kf3 Rh1 44. h5 gxh5 45. Rxh5 Ra1 46. Rd5 Ra3 47. Rd6 Rc3 48. f5 Rb3 49. Kf4 Ra3 50. Rd4 Rb3 51. e4 f6 52. Rd7+ Kg8 53. e5 fxe5+ 54. Kxe5 Rg3 55. Ke6 Rxg4 56. Rd8+ Kh7 57. f6 Re4+ 58. Kf5 Re1 59. f7 Rf1+ 60. Ke6 Re1+ 61. Kd6 Rd1+ 62. Kc7 Rc1+ 63. Kb6 1-0